| 000 | 00397nam a22001577a 4500 | ||
|---|---|---|---|
| 999 |
_c15427 _d15427 |
||
| 020 | _a9788121924535 | ||
| 082 |
_a574.192 _bJAI/FU |
||
| 100 |
_aJain, J.L _93117 |
||
| 245 | _aFundamentals of biochemistry | ||
| 250 | _aMulticolour | ||
| 260 |
_aNew delhi: _bS chand and company pvt ltd, _c2013 |
||
| 300 | _a1615. | ||
| 700 |
_aJain, Sunjay _93118 |
||
| 700 |
_aJain, Nitin _93119 |
||
| 942 | _cBBS | ||